Zufällige Länder 10# - Statistiken

Allgemein
  • Dieses Quiz wurde 79 mal gespielt
  • Das Durchschnittsergebnis liegt bei 12 aus 15
Antworten auf der Karte
Die Antworten werden auf der Karte rot bzw. grün angezeigt, abhängig davon wie oft sie richtig erraten wurden.
 
Antwortstatistiken
Antwort % Korrekt
Ägypten
88%
Estland
86%
Kroatien
86%
Madagaskar
84%
Tschechien
83%
Oman
81%
Rumänien
81%
Sao Tome und Principe
76%
Usbekistan
74%
Komoren
72%
Surinam
72%
Burkina Faso
71%
Senegal
71%
Kiribati
67%
Nauru
66%
Keine übereinstimmenden Quizze gefunden
Verteilung der Resultate
Anzahl Personen mit jedem Resultat
Perzentil nach korrekt beantworteten Fragen
Ihre Resultats-Entwicklung
Sie haben dieses Quiz noch nicht gespielt